[Event "World Senior chT-50 2019"]
[Site "Rhodes"]
[Date "2019.04.19"]
[Round "4.40"]
[White "Harlinska, Sandra"]
[Black "Matthews, Gabriel"]
[Result "1-0"]
[WhiteElo "1833"]
[BlackElo "1782"]
[PlyCount "146"]
[EventDate "2019.04.16"]
[EventType "team-tourn"]
[EventCountry "GRE"]
[TimeControl "40/5400+30:1800+30"]

1. e4 {[%emt 0:00:00]} c5 {[%emt 0:00:00]} 2. Nf3 {[%emt 0:00:00]} e6 {[%emt 0:00:00]} 3. g3 {[%emt 0:00:17]} d5 {[%emt 0:00:43]} 4. exd5 {[%emt 0:00:20]} exd5 {[%emt 0:00:34]} 5. d4 {[%emt 0:01:11]} Nf6 {[%emt 0:01:22]} 6. Bg2 {[%emt 0:01:26]} Bd6 {[%emt 0:02:31]} 7. O-O {[%emt 0:00:43]} O-O {[%emt 0:00:51]} 8. Nc3 {[%emt 0:12:34]} Nc6 {[%emt 0:03:19]} 9. Be3 {[%emt 0:25:45]} c4 {[%emt 0:27:28]} 10. Bg5 {[%emt 0:02:46]} Be6 {[%emt 0:03:05]} 11. Re1 {[%emt 0:08:26]} h6 {[%emt 0:06:44]} 12. Bxf6 {[%emt 0:01:47]} Qxf6 {[%emt 0:01:12]} 13. Nb5 {[%emt 0:00:37]} Bb8 {[%emt 0:05:54]} 14. c3 {[%emt 0:09:10]} Rd8 {[%emt 0:07:44]} 15. Re3 {[%emt 0:03:00]} a6 {[%emt 0:03:09]} 16. Na3 {[%emt 0:00:04]} Bd6 {[%emt 0:01:31]} 17. Qe2 {[%emt 0:07:23]} Rac8 {[%emt 0:11:09]} 18. Ne5 {[%emt 0:01:25]} b5 {[%emt 0:07:43]} 19. f4 {[%emt 0:02:57]} Rc7 {[%emt 0:08:12]} 20. Rf1 {[%emt 0:00:59]} Bxe5 {[%emt 0:02:09]} 21. fxe5 {[%emt 0:09:49]} Qg6 {[%emt 0:00:24]} 22. Bf3 {[%emt 0:02:14]} b4 {[%emt 0:01:54]} 23. Nc2 {[%emt 0:00:15]} a5 {[%emt 0:00:19]} 24. Bh5 {[%emt 0:00:14]} Qg5 {[%emt 0:01:23]} 25. h4 {[%emt 0:03:03]} Qe7 {[%emt 0:00:07]} 26. Rf4 {[%emt 0:00:42]} Rf8 {[%emt 0:00:32]} 27. Ref3 {[%emt 0:00:38]} Nd8 {[%emt 0:00:46]} 28. Ne3 {[%emt 0:00:30]} bxc3 {[%emt 0:01:03]} 29. bxc3 {[%emt 0:00:14]} Qe8 {[%emt 0:01:05]} 30. g4 {[%emt 0:02:20]} Re7 {[%emt 0:00:37]} 31. Qg2 {[%emt 0:00:48]} Rb7 {[%emt 0:00:24]} 32. g5 {[%emt 0:00:17]} hxg5 {[%emt 0:00:52]} 33. Qxg5 {[%emt 0:00:48]} Qe7 {[%emt 0:00:41]} 34. Qg3 {[%emt 0:00:17]} Qa3 {[%emt 0:00:23]} 35. Nf5 {[%emt 0:01:13]} Bxf5 {[%emt 0:00:18]} 36. Rxf5 {[%emt 0:00:13]} Qc1+ {[%emt 0:00:46]} 37. Rf1 {[%emt 0:00:17]} Qh6 {[%emt 0:00:16]} 38. Bf3 {[%emt 0:02:30]} Qe3+ {[%emt 0:00:29]} 39. Kh2 {[%emt 0:00:19]} Qxc3 {[%emt 0:00:58]} 40. Bxd5 {[%emt 0:00:00]} Qxg3+ {[%emt 0:00:00]} 41. Kxg3 {[%emt 0:00:25]} Rb6 {[%emt 0:15:26]} 42. Bxc4 {[%emt 0:01:59]} Rc6 {[%emt 0:03:45]} 43. Bd5 {[%emt 0:07:09]} Rc3+ {[%emt 0:06:05]} 44. Kg4 {[%emt 0:00:40]} Re3 {[%emt 0:02:24]} 45. h5 {[%emt 0:01:57]} a4 {[%emt 0:03:48]} 46. Kf4 {[%emt 0:10:08]} Re2 {[%emt 0:00:30]} 47. Kf3 {[%emt 0:00:10]} Rc2 {[%emt 0:01:18]} 48. Ke3 {[%emt 0:00:14]} Rc7 {[%emt 0:00:42]} 49. e6 {[%emt 0:02:26]} Re7 {[%emt 0:00:26]} 50. Kd3 {[%emt 0:07:31]} Nxe6 {[%emt 0:00:40]} 51. Bxe6 {[%emt 0:00:08]} Rxe6 {[%emt 0:00:18]} 52. Ra5 {[%emt 0:00:04]} Rb8 {[%emt 0:00:54]} 53. Rxa4 {[%emt 0:00:30]} Rb2 {[%emt 0:00:20]} 54. Ra8+ {[%emt 0:00:09]} Kh7 {[%emt 0:00:16]} 55. Rxf7 {[%emt 0:00:08]} Rh2 {[%emt 0:00:27]} 56. Raa7 {[%emt 0:00:23]} Rg2 {[%emt 0:00:57]} 57. Rf5 {[%emt 0:01:15]} Ree2 {[%emt 0:00:27]} 58. a4 {[%emt 0:00:24]} Ra2 {[%emt 0:00:18]} 59. a5 {[%emt 0:00:13]} Ra4 {[%emt 0:00:20]} 60. Rf4 {[%emt 0:01:49]} Rg5 {[%emt 0:00:35]} 61. a6 {[%emt 0:00:40]} Kh6 {[%emt 0:00:46]} 62. Rh4 {[%emt 0:00:17]} Rxh5 {[%emt 0:00:50]} 63. Rxh5+ {[%emt 0:00:15]} Kxh5 {[%emt 0:00:05]} 64. Rxg7 {[%emt 0:00:25]} Rxa6 {[%emt 0:00:08]} 65. d5 {[%emt 0:00:12]} Kh6 {[%emt 0:00:26]} 66. Rg1 {[%emt 0:00:10]} Kh7 {[%emt 0:00:28]} 67. Kd4 {[%emt 0:00:05]} Kh6 {[%emt 0:00:44]} 68. Ke5 Kh7 {[%emt 0:00:31]} 69. d6 {[%emt 0:00:14]} Ra2 {[%emt 0:00:25]} 70. Rg4 {[%emt 0:01:28]} Rd2 {[%emt 0:00:52]} 71. Rd4 {[%emt 0:00:58]} Re2+ {[%emt 0:00:04]} 72. Kd5 {[%emt 0:00:09]} Re8 {[%emt 0:00:45]} 73. d7 {[%emt 0:00:14]} Rg8 {[%emt 0:00:37]} 1-0

[Event "World Senior chT-50 2019"]
[Site "Rhodes"]
[Date "2019.04.20"]
[Round "5.1"]
[White "Godena, Michele"]
[Black "Shabalov, Alexander"]
[Result "1/2-1/2"]
[WhiteElo "2459"]
[BlackElo "2510"]
[Annotator "TA"]
[PlyCount "31"]
[EventDate "2019.04.16"]
[EventType "team-tourn"]
[EventCountry "GRE"]
[SourceTitle "playchess.com"]
[Source "ChessBase"]
[SourceQuality "1"]
[WhiteTeam "Italy"]
[BlackTeam "United States"]
[WhiteTeamCountry "ITA"]
[BlackTeamCountry "USA"]

{[%evp 14,31,26,10,22,2,33,35,44,51,49,54,77,50,41,0,68,0,39,0]} 1. e4 d6 2. d4 Nf6 3. Bd3 e5 4. Nf3 exd4 5. Nxd4 g6 6. Bg5 Bg7 7. c3 O-O 8. O-O Nbd7 {B07: Pirc Defence: Miscellaneous Systems} (8... h6 9. Bh4 c5 10. Nc2 Nc6 11. Ne3 Be6 12. Nd2 g5 13. Bg3 d5 14. exd5 Nxd5 15. Ndc4 Nf4 16. Bf5 {½-½ (31) Muzychuk,M (2544)-Javakhishvili,L (2438) Germany 2018}) 9. Nd2 Re8 10. f4 Nc5 11. Bc2 Qd7 $146 {[%cal Rf6e4]} ({Predecessor:} 11... h6 12. Bh4 g5 13. fxg5 Ng4 14. Qf3 Rf8 15. Nf5 Bxf5 16. exf5 {1-0 (24) Trabert,B (2210)-Heinimaki,L Kuopio 1995}) 12. Qf3 {[#] aiming for f5.} Qg4 13. Nb5 (13. Qe3 $5 {[%cal Rh2h3]}) 13... Qd7 14. Nd4 {Black must now prevent f5.} Qg4 $1 15. Nb5 {Strongly threatening Bxf6.} Qd7 16. Nd4 1/2-1/2

[Event "World Senior chT-50 2019"]
[Site "Rhodes"]
[Date "2019.04.20"]
[Round "5.2"]
[White "Benjamin, Joel"]
[Black "Garcia Palermo, Carlos"]
[Result "1-0"]
[WhiteElo "2523"]
[BlackElo "2407"]
[Annotator "ChessBase"]
[PlyCount "163"]
[EventDate "2019.04.16"]
[EventType "team-tourn"]
[EventCountry "GRE"]
[SourceTitle "playchess.com"]
[Source "ChessBase"]
[SourceQuality "1"]
[WhiteTeam "United States"]
[BlackTeam "Italy"]
[WhiteTeamCountry "USA"]
[BlackTeamCountry "ITA"]
[TimeControl "40/5400+30:1800+30"]

1. e4 {[%emt 0:04:33]} e5 {[%emt 0:01:24]} 2. Nf3 {[%emt 0:00:09]} Nc6 {[%emt 0:00:18]} 3. Bb5 {[%emt 0:00:06]} Nf6 {[%emt 0:00:23]} 4. d3 {[%emt 0:01:31]} d6 {[%emt 0:02:27]} 5. c3 {[%emt 0:00:48]} Be7 {[%emt 0:00:22]} 6. O-O {[%emt 0:01:01]} O-O {[%emt 0:00:07]} 7. Nbd2 {[%emt 0:00:15]} a6 {[%emt 0:00:19]} 8. Ba4 {[%emt 0:00:46]} Nd7 {[%emt 0:00:27]} 9. Bc2 {[%emt 0:14:21]} Nb6 {[%emt 0:08:58]} 10. d4 {[%emt 0:15:23]} exd4 {[%emt 0:07:37]} 11. Nxd4 {[%emt 0:06:05]} Bf6 {[%emt 0:06:39]} 12. Nxc6 {[%emt 0:09:18]} bxc6 {[%emt 0:00:07]} 13. f4 {[%emt 0:01:05]} a5 {[%emt 0:03:49]} 14. Nf3 {[%emt 0:02:19]} a4 {[%emt 0:08:13]} 15. e5 {[%emt 0:05:29]} dxe5 {[%emt 0:07:56]} 16. Qxd8 {[%emt 0:00:09]} Rxd8 {[%emt 0:00:32]} 17. fxe5 {[%emt 0:00:05]} Be7 {[%emt 0:00:22]} 18. Bg5 {[%emt 0:01:48]} Re8 {[%emt 0:08:17]} 19. Be4 {[%emt 0:03:24]} Nd5 {[%emt 0:12:45]} 20. c4 {[%emt 0:03:59]} f5 {[%emt 0:00:30]} 21. Bxd5+ {[%emt 0:15:58]} cxd5 {[%emt 0:00:09]} 22. Bxe7 {[%emt 0:00:16]} Rxe7 {[%emt 0:00:16]} 23. cxd5 {[%emt 0:00:04]} Bb7 {[%emt 0:01:05]} 24. Rad1 {[%emt 0:04:06]} Rd8 {[%emt 0:04:49]} 25. d6 {[%emt 0:00:33]} cxd6 {[%emt 0:00:46]} 26. Rxd6 {[%emt 0:00:16]} Rde8 {[%emt 0:06:54]} 27. Nd4 {[%emt 0:00:15]} Rxe5 {[%emt 0:02:14]} 28. Rxf5 {[%emt 0:00:42]} Re3 {[%emt 0:05:24]} 29. h3 {[%emt 0:06:44]} a3 {[%emt 0:01:19]} 30. bxa3 {[%emt 0:01:15]} Rxa3 {[%emt 0:00:17]} 31. Rf2 {[%emt 0:01:12]} Rea8 {[%emt 0:04:42]} 32. Nb5 {[%emt 0:01:34]} Re3 {[%emt 0:02:13]} 33. Nc7 {[%emt 0:01:40]} Rc8 {[%emt 0:00:19]} 34. Ne6 {[%emt 0:00:11]} Re8 {[%emt 0:02:00]} 35. Nc5 {[%emt 0:01:54]} Bc8 {[%emt 0:02:17]} 36. Rd3 {[%emt 0:01:32]} Re1+ {[%emt 0:00:23]} 37. Kh2 {[%emt 0:00:09]} h5 {[%emt 0:00:18]} 38. Rd5 {[%emt 0:01:12]} g6 {[%emt 0:00:40]} 39. Nd3 {[%emt 0:01:43]} R1e7 {[%emt 0:01:21]} 40. Rg5 {[%emt 0:00:40]} Kh7 {[%emt 0:00:24]} 41. Rf6 {[%emt 0:03:43]} Bf5 {[%emt 0:24:29]} 42. Nf4 {[%emt 0:00:11]} Re5 {[%emt 0:00:22]} 43. Nxg6 {[%emt 0:02:16]} Bxg6 {[%emt 0:00:22]} 44. Rfxg6 {[%emt 0:03:13]} Rxg5 {[%emt 0:00:26]} 45. Rxg5 {[%emt 0:00:04]} Kh6 {[%emt 0:00:04]} 46. Ra5 {[%emt 0:02:05]} h4 {[%emt 0:00:10]} 47. a4 {[%emt 0:08:54]} Re1 {[%emt 0:00:33]} 48. Rc5 {[%emt 0:00:56]} Ra1 {[%emt 0:00:11]} 49. Rc6+ {[%emt 0:03:14]} Kg5 {[%emt 0:00:14]} 50. Rc5+ {[%emt 0:00:28]} Kh6 {[%emt 0:00:09]} 51. Ra5 {[%emt 0:01:10]} Kg6 {[%emt 0:00:10]} 52. Ra6+ {[%emt 0:00:14]} Kg7 {[%emt 0:00:37]} 53. a5 {[%emt 0:01:11]} Kh7 {[%emt 0:00:11]} 54. Ra8 {[%emt 0:00:13]} Kg7 {[%emt 0:00:05]} 55. a6 {[%emt 0:00:20]} Kh7 {[%emt 0:00:05]} 56. a7 {[%emt 0:00:42]} Kg7 {[%emt 0:00:12]} 57. Rb8 {[%emt 0:00:09]} Rxa7 {[%emt 0:00:06]} 58. Rb4 {[%emt 0:00:02]} Ra3 {[%emt 0:00:52]} 59. Rxh4 {[%emt 0:00:04]} Rb3 {[%emt 0:00:06]} 60. Ra4 {[%emt 0:00:39]} Rc3 {[%emt 0:00:07]} 61. h4 {[%emt 0:00:49]} Kh6 {[%emt 0:00:11]} 62. g3 {[%emt 0:00:05]} Rb3 {[%emt 0:00:09]} 63. Kh3 {[%emt 0:00:06]} Rc3 {[%emt 0:00:05]} 64. Kg4 {[%emt 0:00:10]} Rc6 {[%emt 0:00:06]} 65. h5 {[%emt 0:00:33]} Rc1 {[%emt 0:00:19]} 66. Ra6+ {[%emt 0:00:10]} Kh7 {[%emt 0:00:03]} 67. Kh4 {[%emt 0:00:28]} Rc4+ {[%emt 0:00:11]} 68. g4 {[%emt 0:00:04]} Rb4 {[%emt 0:00:06]} 69. h6 {[%emt 0:01:42]} Rb1 {[%emt 0:00:12]} 70. Kh5 {[%emt 0:00:10]} Rb5+ {[%emt 0:00:12]} 71. g5 {[%emt 0:00:08]} Rc5 {[%emt 0:00:14]} 72. Ra7+ {[%emt 0:00:05]} Kh8 {[%emt 0:00:07]} 73. Re7 {[%emt 0:00:48]} Ra5 {[%emt 0:00:13]} 74. Kg6 {[%emt 0:00:16]} Ra8 {[%emt 0:00:15]} 75. Re6 {[%emt 0:02:00]} Rb8 {[%emt 0:00:23]} 76. Kf5 {[%emt 0:00:46]} Rf8+ {[%emt 0:00:48]} 77. Rf6 {[%emt 0:00:11]} Ra8 {[%emt 0:00:10]} 78. g6 {[%emt 0:00:28]} Ra5+ {[%emt 0:00:26]} 79. Kg4 {[%emt 0:00:05]} Ra4+ {[%emt 0:00:06]} 80. Kg5 {[%emt 0:00:05]} Ra5+ {[%emt 0:00:08]} 81. Rf5 {[%emt 0:00:06]} Ra8 {[%emt 0:00:10]} 82. h7 {[%emt 0:01:27]} 1-0

[Event "World Senior chT-50 2019"]
[Site "Rhodes"]
[Date "2019.04.20"]
[Round "5.3"]
[White "Bellia, Fabrizio"]
[Black "Novikov, Igor"]
[Result "1/2-1/2"]
[WhiteElo "2447"]
[BlackElo "2563"]
[Annotator "ChessBase"]
[PlyCount "119"]
[EventDate "2019.04.16"]
[EventType "team-tourn"]
[EventCountry "GRE"]
[SourceTitle "playchess.com"]
[Source "ChessBase"]
[SourceQuality "1"]
[WhiteTeam "Italy"]
[BlackTeam "United States"]
[WhiteTeamCountry "ITA"]
[BlackTeamCountry "USA"]
[TimeControl "40/5400+30:1800+30"]

1. e4 {[%emt 0:00:00]} c5 {[%emt 0:00:00]} 2. Nf3 {[%emt 0:00:00]} d6 {[%emt 0:00:00]} 3. Bb5+ {[%emt 0:00:00]} Bd7 {[%emt 0:00:00]} 4. Bxd7+ {[%emt 0:00:00]} Nxd7 {[%emt 0:00:02]} 5. c4 {[%emt 0:00:00]} Ngf6 {[%emt 0:00:59]} 6. Nc3 {[%emt 0:00:07]} e6 {[%emt 0:00:23]} 7. O-O {[%emt 0:00:30]} Be7 {[%emt 0:00:20]} 8. b3 {[%emt 0:00:18]} O-O {[%emt 0:02:37]} 9. d4 {[%emt 0:00:15]} cxd4 {[%emt 0:00:12]} 10. Nxd4 {[%emt 0:00:05]} a6 {[%emt 0:00:10]} 11. Bb2 {[%emt 0:00:09]} Qb6 {[%emt 0:02:05]} 12. Qd2 {[%emt 0:03:45]} Rfe8 {[%emt 0:01:45]} 13. Rad1 {[%emt 0:00:23]} Bf8 {[%emt 0:02:47]} 14. Kh1 {[%emt 0:03:24]} Rad8 {[%emt 0:08:46]} 15. Qe2 {[%emt 0:05:22]} g6 {[%emt 0:11:14]} 16. f4 {[%emt 0:05:47]} Nc5 {[%emt 0:16:23]} 17. Qf3 {[%emt 0:07:56]} Bg7 {[%emt 0:07:55]} 18. g4 {[%emt 0:19:33]} Ncd7 {[%emt 0:07:50]} 19. g5 {[%emt 0:04:53]} Nh5 {[%emt 0:00:10]} 20. f5 {[%emt 0:03:02]} Ne5 {[%emt 0:09:36]} 21. Qe2 {[%emt 0:13:40]} Nc6 {[%emt 0:03:26]} 22. Nxe6 {[%emt 0:08:25]} fxe6 {[%emt 0:05:47]} 23. f6 {[%emt 0:00:12]} Rf8 {[%emt 0:04:40]} 24. fxg7 {[%emt 0:00:26]} Rxf1+ {[%emt 0:00:45]} 25. Rxf1 {[%emt 0:00:28]} Qc7 {[%emt 0:03:06]} 26. Nd1 {[%emt 0:04:01]} e5 {[%emt 0:02:29]} 27. Ne3 {[%emt 0:04:10]} Qe7 {[%emt 0:00:45]} 28. Qg4 {[%emt 0:01:04]} Qd7 {[%emt 0:01:37]} 29. Qf3 {[%emt 0:06:43]} Qxg7 {[%emt 0:00:22]} 30. Ng4 {[%emt 0:00:41]} Nf4 {[%emt 0:00:27]} 31. Nh6+ {[%emt 0:00:45]} Kh8 {[%emt 0:00:09]} 32. Qd1 {[%emt 0:02:55]} Rf8 {[%emt 0:02:01]} 33. Qxd6 {[%emt 0:00:45]} Rd8 {[%emt 0:03:59]} 34. Qf6 {[%emt 0:00:11]} Rf8 {[%emt 0:01:25]} 35. Qxg7+ {[%emt 0:01:15]} Kxg7 {[%emt 0:00:02]} 36. Rd1 {[%emt 0:01:43]} Nh3 {[%emt 0:00:21]} 37. Rd7+ {[%emt 0:01:16]} Kh8 {[%emt 0:00:01]} 38. Nf7+ {[%emt 0:00:56]} Kg8 {[%emt 0:00:03]} 39. Nh6+ {[%emt 0:00:27]} Kh8 {[%emt 0:00:04]} 40. Nf7+ {[%emt 0:00:00]} Kg8 {[%emt 0:00:00]} 41. Nxe5 {[%emt 0:00:35]} Rf2 {[%emt 0:04:09]} 42. Bc3 {[%emt 0:14:37]} Nxe5 {[%emt 0:10:04]} 43. Bxe5 {[%emt 0:00:09]} Nxg5 {[%emt 0:00:13]} 44. Rg7+ {[%emt 0:01:35]} Kf8 {[%emt 0:00:04]} 45. Rxb7 {[%emt 0:00:09]} h5 {[%emt 0:04:42]} 46. Bg3 {[%emt 0:06:15]} Rxa2 {[%emt 0:00:27]} 47. e5 {[%emt 0:01:05]} Ne4 {[%emt 0:05:18]} 48. e6 {[%emt 0:01:00]} Nxg3+ {[%emt 0:02:29]} 49. hxg3 {[%emt 0:00:08]} a5 {[%emt 0:00:08]} 50. Rf7+ {[%emt 0:01:22]} Ke8 {[%emt 0:00:11]} 51. Rg7 {[%emt 0:01:23]} Rb2 {[%emt 0:02:36]} 52. Rxg6 {[%emt 0:00:13]} Rxb3 {[%emt 0:00:07]} 53. Kg2 {[%emt 0:00:11]} Rc3 {[%emt 0:01:36]} 54. Rg5 {[%emt 0:00:36]} Rxc4 {[%emt 0:00:22]} 55. Rxh5 {[%emt 0:00:31]} Ke7 {[%emt 0:00:32]} 56. Rxa5 {[%emt 0:00:26]} Kxe6 {[%emt 0:00:04]} 57. Kh3 {[%emt 0:00:12]} Kf6 {[%emt 0:00:05]} 58. g4 {[%emt 0:00:21]} Kg6 {[%emt 0:00:13]} 59. Kh4 {[%emt 0:00:08]} Rc6 {[%emt 0:00:09]} 60. Rb5 {[%emt 0:00:27]} 1/2-1/2

[Event "World Senior chT-50 2019"]
[Site "Rhodes"]
[Date "2019.04.20"]
[Round "5.4"]
[White "Ehlvest, Jaan"]
[Black "Bruno, Fabio"]
[Result "1/2-1/2"]
[WhiteElo "2521"]
[BlackElo "2433"]
[Annotator "RC"]
[PlyCount "78"]
[EventDate "2019.04.16"]
[EventType "team-tourn"]
[EventCountry "GRE"]
[SourceTitle "playchess.com"]
[Source "ChessBase"]
[SourceQuality "1"]
[WhiteTeam "United States"]
[BlackTeam "Italy"]
[WhiteTeamCountry "USA"]
[BlackTeamCountry "ITA"]
[TimeControl "40/5400+30:1800+30"]

1. e4 {[%emt 0:00:00]} e6 {[%emt 0:00:08]} 2. d4 {[%emt 0:00:00]} d5 {[%emt 0:00:08]} 3. exd5 {[%emt 0:00:00]} exd5 {[%emt 0:00:07]} 4. Nf3 {[%emt 0:00:00]} Nf6 {[%emt 0:00:38]} 5. Bd3 {[%emt 0:00:00]} Be7 {[%emt 0:02:47]} 6. h3 {[%emt 0:01:15]} O-O {[%emt 0:00:37]} 7. O-O {[%emt 0:00:05]} Re8 {[%emt 0:03:58]} 8. Re1 {[%emt 0:02:10]} Nbd7 {[%emt 0:02:43]} 9. Bf4 {[%emt 0:02:39]} Nf8 {[%emt 0:03:35]} 10. Nbd2 {[%emt 0:00:58]} Ne6 {[%emt 0:01:38]} 11. Be5 {[%emt 0:03:03]} g6 {[%emt 0:13:32]} 12. Nf1 {[%emt 0:01:39]} Ng7 {[%emt 0:02:12]} 13. Ne3 {[%emt 0:03:47]} c6 {[%emt 0:03:53]} 14. c3 {[%emt 0:04:36]} Be6 {[%emt 0:04:14]} 15. Bh2 {[%emt 0:02:59]} Bf8 {[%emt 0:02:50]} 16. a4 {[%emt 0:02:18]} Re7 {[%emt 0:11:22]} 17. Ne5 {[%emt 0:05:11]} Nd7 {[%emt 0:05:17]} 18. Nf3 {[%emt 0:08:17]} Ne8 {[%emt 0:00:57]} 19. Bg3 {[%emt 0:01:34]} Bg7 {[%emt 0:00:54]} 20. Qb3 {[%emt 0:01:29]} Ndf6 {[%emt 0:09:51]} 21. Bh4 {[%emt 0:00:42]} Nd6 {[%emt 0:01:37]} 22. Ne5 {[%emt 0:01:16]} Re8 {[%emt 0:00:30]} 23. N3g4 {[%emt 0:19:25]} h5 {[%emt 0:01:02]} 24. Ne3 {[%emt 0:05:49]} Qc8 {[%emt 0:02:27]} 25. Qc2 {[%emt 0:04:49]} c5 {[%emt 0:11:04]} 26. Qe2 {[%emt 0:04:40]} Qc7 {[%emt 0:02:43]} 27. Bg3 {[%emt 0:03:13]} Nfe4 {[%emt 0:00:58]} 28. Bh2 {[%emt 0:01:18]} cxd4 {[%emt 0:00:14]} 29. cxd4 {[%emt 0:00:09]} Qb6 {[%emt 0:00:11]} 30. Red1 {[%emt 0:02:48]} a5 {[%emt 0:00:35]} 31. f3 {[%emt 0:01:39]} Nf6 {[%emt 0:00:41]} 32. Kh1 {[%emt 0:00:20]} Rac8 {[%emt 0:00:38]} 33. Bb1 {[%emt 0:04:09]} Nc4 {[%emt 0:01:49]} 34. N3xc4 {[%emt 0:03:10]} dxc4 {[%emt 0:00:04]} 35. Be4 {[%emt 0:00:21]} Red8 {[%emt 0:02:28]} 36. Bg1 {[%emt 0:04:37]} Qb4 {[%emt 0:00:19]} 37. Bf2 {[%emt 0:00:21]} Bd5 {[%emt 0:00:54]} 38. Bh4 {[%emt 0:02:06]} Rd6 {[%emt 0:01:17]} 39. Rac1 {[%emt 0:04:51]} Qb3 {[%emt 0:00:00]} 1/2-1/2

[Event "World Senior chT-50 2019"]
[Site "Rhodes"]
[Date "2019.04.20"]
[Round "5.5"]
[White "Speelman, Jon S"]
[Black "Ross, David"]
[Result "0-1"]
[WhiteElo "2509"]
[BlackElo "2312"]
[Annotator "RC"]
[PlyCount "29"]
[EventDate "2019.04.16"]
[EventType "team-tourn"]
[EventCountry "GRE"]
[SourceTitle "playchess.com"]
[Source "ChessBase"]
[SourceQuality "1"]
[WhiteTeam "England"]
[BlackTeam "Canada"]
[WhiteTeamCountry "ENG"]
[BlackTeamCountry "CAN"]
[TimeControl "40/5400+30:1800+30"]

1. Nf3 {[%emt 0:00:00]} d5 {[%emt 0:00:00]} 2. g3 {[%emt 0:00:00]} Nf6 {[%emt 0:00:29]} 3. Bg2 {[%emt 0:00:02]} e6 {[%emt 0:02:31]} 4. O-O {[%emt 0:00:28]} Be7 {[%emt 0:00:11]} 5. d4 {[%emt 0:00:37]} O-O {[%emt 0:00:29]} 6. c4 {[%emt 0:00:06]} dxc4 {[%emt 0:00:28]} 7. Qc2 {[%emt 0:00:19]} b5 {[%emt 0:04:51]} 8. a4 {[%emt 0:00:19]} b4 {[%emt 0:00:10]} 9. Nfd2 {[%emt 0:00:06]} c6 {[%emt 0:00:28]} 10. Nxc4 {[%emt 0:01:12]} Qxd4 {[%emt 0:01:55]} 11. Bf4 {[%emt 0:01:38]} Ba6 {[%emt 0:08:11]} 12. Nbd2 {[%emt 0:00:09]} b3 {[%emt 0:10:23]} 13. Qxb3 {[%emt 0:01:09]} Nd5 {[%emt 0:01:00]} 14. e3 {[%emt 0:02:14]} Qc5 {[%emt 0:01:36]} 15. Rfc1 {[%emt 0:01:53]} 0-1

[Event "World Senior chT-50 2019"]
[Site "Rhodes"]
[Date "2019.04.20"]
[Round "5.6"]
[White "Ross, Paul"]
[Black "Emms, John M"]
[Result "1-0"]
[WhiteElo "2237"]
[BlackElo "2474"]
[Annotator "ChessBase"]
[PlyCount "143"]
[EventDate "2019.04.16"]
[EventType "team-tourn"]
[EventCountry "GRE"]
[SourceTitle "playchess.com"]
[Source "ChessBase"]
[SourceQuality "1"]
[WhiteTeam "Canada"]
[BlackTeam "England"]
[WhiteTeamCountry "CAN"]
[BlackTeamCountry "ENG"]
[TimeControl "40/5400+30:1800+30"]

1. d4 {[%emt 0:00:00]} Nf6 {[%emt 0:00:00]} 2. Nf3 {[%emt 0:00:00]} b6 {[%emt 0:01:00]} 3. Bf4 {[%emt 0:00:56]} Bb7 {[%emt 0:00:18]} 4. e3 {[%emt 0:00:35]} g6 {[%emt 0:00:37]} 5. h3 {[%emt 0:01:02]} Bg7 {[%emt 0:00:21]} 6. Nbd2 {[%emt 0:02:10]} O-O {[%emt 0:04:42]} 7. Bd3 {[%emt 0:07:22]} d6 {[%emt 0:00:55]} 8. Qe2 {[%emt 0:01:06]} Nd5 {[%emt 0:11:08]} 9. c3 {[%emt 0:05:04]} Nxf4 {[%emt 0:01:05]} 10. exf4 {[%emt 0:00:06]} Nd7 {[%emt 0:11:14]} 11. O-O {[%emt 0:20:52]} e6 {[%emt 0:04:21]} 12. Rad1 {[%emt 0:07:04]} a6 {[%emt 0:06:39]} 13. Be4 {[%emt 0:03:22]} Qc8 {[%emt 0:01:51]} 14. Rfe1 {[%emt 0:02:57]} Nf6 {[%emt 0:08:49]} 15. Bxb7 {[%emt 0:04:00]} Qxb7 {[%emt 0:00:02]} 16. Nc4 {[%emt 0:06:37]} b5 {[%emt 0:03:55]} 17. Ne3 {[%emt 0:00:39]} Rab8 {[%emt 0:03:27]} 18. b3 {[%emt 0:01:36]} Rfc8 {[%emt 0:09:22]} 19. Rd3 {[%emt 0:18:38]} Nd5 {[%emt 0:06:51]} 20. Nxd5 {[%emt 0:05:02]} Qxd5 {[%emt 0:00:02]} 21. Nd2 {[%emt 0:02:58]} Qf5 {[%emt 0:04:22]} 22. Qf3 {[%emt 0:01:02]} b4 {[%emt 0:02:17]} 23. c4 {[%emt 0:01:24]} Qa5 {[%emt 0:00:38]} 24. d5 {[%emt 0:00:15]} e5 {[%emt 0:03:09]} 25. f5 {[%emt 0:01:05]} Qxa2 {[%emt 0:02:21]} 26. f6 {[%emt 0:01:54]} Bf8 {[%emt 0:00:02]} 27. h4 {[%emt 0:00:24]} e4 {[%emt 0:01:38]} 28. Nxe4 {[%emt 0:00:04]} Re8 {[%emt 0:00:36]} 29. h5 {[%emt 0:00:18]} Re5 {[%emt 0:00:35]} 30. hxg6 {[%emt 0:00:48]} hxg6 {[%emt 0:00:29]} 31. g4 {[%emt 0:01:27]} Rbe8 {[%emt 0:00:59]} 32. Rde3 {[%emt 0:00:31]} Qb2 {[%emt 0:01:59]} 33. Kg2 {[%emt 0:02:07]} a5 {[%emt 0:01:25]} 34. Rh1 {[%emt 0:00:47]} Rxe4 {[%emt 0:00:25]} 35. Rxe4 {[%emt 0:00:38]} Rxe4 {[%emt 0:00:01]} 36. Qxe4 {[%emt 0:00:01]} Qxf6 {[%emt 0:00:10]} 37. Rh3 {[%emt 0:00:32]} Qg5 {[%emt 0:03:30]} 38. Rf3 {[%emt 0:01:06]} Be7 {[%emt 0:02:18]} 39. Qf4 {[%emt 0:01:01]} Qxf4 {[%emt 0:01:34]} 40. Rxf4 {[%emt 0:00:00]} Kf8 {[%emt 0:00:00]} 41. Re4 {[%emt 0:02:26]} Bf6 {[%emt 0:00:54]} 42. Re2 {[%emt 0:02:06]} Bd4 {[%emt 0:00:23]} 43. Kf3 {[%emt 0:02:34]} Bb6 {[%emt 0:00:27]} 44. Kf4 {[%emt 0:01:01]} f6 {[%emt 0:01:24]} 45. f3 {[%emt 0:00:10]} Kf7 {[%emt 0:00:29]} 46. Ke4 {[%emt 0:01:16]} Bc5 {[%emt 0:02:56]} 47. Rh2 {[%emt 0:00:32]} Kg7 {[%emt 0:00:22]} 48. Ra2 {[%emt 0:00:43]} Bb6 {[%emt 0:00:03]} 49. Kd3 {[%emt 0:00:56]} f5 {[%emt 0:01:05]} 50. gxf5 {[%emt 0:02:53]} gxf5 {[%emt 0:00:02]} 51. c5 {[%emt 0:00:31]} Bxc5 {[%emt 0:04:27]} 52. Rxa5 {[%emt 0:00:07]} Kf6 {[%emt 0:00:22]} 53. f4 {[%emt 0:00:22]} Ke7 {[%emt 0:01:41]} 54. Rb5 {[%emt 0:00:32]} Kd7 {[%emt 0:04:17]} 55. Rb8 {[%emt 0:00:16]} Ke7 {[%emt 0:02:04]} 56. Rh8 {[%emt 0:00:15]} Bb6 {[%emt 0:00:56]} 57. Rh7+ {[%emt 0:00:43]} Kf6 {[%emt 0:01:41]} 58. Rh6+ {[%emt 0:04:20]} Kg7 {[%emt 0:00:59]} 59. Rh3 {[%emt 0:00:57]} Kg6 {[%emt 0:04:01]} 60. Kc4 {[%emt 0:00:24]} Bf2 {[%emt 0:00:53]} 61. Kxb4 {[%emt 0:01:31]} Be1+ {[%emt 0:00:13]} 62. Kb5 {[%emt 0:02:26]} Bd2 {[%emt 0:00:08]} 63. Rg3+ {[%emt 0:01:46]} Kf6 {[%emt 0:02:31]} 64. Rf3 {[%emt 0:00:06]} Kg6 {[%emt 0:01:26]} 65. Rg3+ {[%emt 0:04:20]} Kf6 {[%emt 0:00:15]} 66. Rf3 {[%emt 0:00:03]} Kg6 {[%emt 0:00:10]} 67. Kc6 {[%emt 0:00:25]} Kh5 {[%emt 0:00:15]} 68. Kxc7 {[%emt 0:00:23]} Kg4 {[%emt 0:00:03]} 69. Rd3 {[%emt 0:00:20]} Bxf4 {[%emt 0:00:13]} 70. b4 {[%emt 0:00:12]} Bh2 {[%emt 0:02:23]} 71. b5 {[%emt 0:00:25]} f4 {[%emt 0:00:18]} 72. b6 {[%emt 0:00:26]} 1-0